Office automation, the productivity challenge /

Bibliographic Details
Main Author: Chorafas, Dimitris N.
Format: Book
Language:English
Published: Englewood Cliffs, N.J. : Prentice-Hall, [1982]
Series:Prentice-Hall series in data processing management.
Subjects:

MARC

Tag First Indicator Second Indicator Subfields
LEADER 00000pam a2200000 a 4500
001 in00000074805
005 20151008054802.0
008 810316s1982 njua 00110 eng
010 |a  81004485  
020 |a 0136310281 
035 |a (OCoLC)07306069 
035 |9 AAJ1679AM 
039 0 |a 2  |b 3  |c 3  |d 3  |e 3 
040 |a DLC  |c DLC  |d TXA  |d UtOrBLW 
049 |a TXAM  |c [1361427] 
050 0 0 |a HF5548.115  |b .C46 
082 0 |a 651.8/4  |2 19 
100 1 |a Chorafas, Dimitris N. 
245 1 0 |a Office automation, the productivity challenge /  |c Dimitris N. Chorafas. 
264 1 |a Englewood Cliffs, N.J. :  |b Prentice-Hall,  |c [1982] 
264 4 |c ©1982 
300 |a xii, 272 pages :  |b illustrations ;  |c 24 cm. 
336 |a text  |b txt  |2 rdacontent 
337 |a unmediated  |b n  |2 rdamedia 
338 |a volume  |b nc  |2 rdacarrier 
490 1 |a Prentice-Hall series in data processing management 
500 |a Includes index. 
650 0 |a Office practice  |x Automation. 
650 0 |a Word processing. 
830 0 |a Prentice-Hall series in data processing management. 
999 |a MARS 
999 f f |s a3bc12f9-6894-3f99-b300-81a26aa4268b  |i a7e9fad2-d895-3b43-b928-e6ea989abdc8  |t 0 
952 f f |p ric  |a Texas A&M University  |b Rellis Campus  |c Joint Library Facility  |d Remote Storage  |t 0  |e HF5548.115 .C46  |h Library of Congress classification  |i unmediated -- volume  |m A14806135038 
998 f f |a HF5548.115 .C46  |t 0  |l Remote Storage